| 000 | 01108nam a2200301Ia 4500 | ||
|---|---|---|---|
| 003 | OSt | ||
| 005 | 20221007123349.0 | ||
| 006 | a|||||r|||| 00| 0 | ||
| 007 | ta | ||
| 008 | 221006b |||||||| |||| 00| 0 eng d | ||
| 020 |
_a0521004284 (pbk) _cRs.795.00 |
||
| 024 | _a10002 | ||
| 037 |
_bUnilib, _cTextual |
||
| 040 |
_aPAPL _cPAPL _beng |
||
| 041 |
_2eng _aeng |
||
| 082 | _aB480bC, N5;P2 | ||
| 100 | _aJames J F | ||
| 245 | 0 | _a<A>Student's guide to fourier transforms: with applications in physics and engineering by J F James | |
| 250 | _aEd 2 | ||
| 260 |
_aCambridge _bCambridge University Press _c2002 |
||
| 300 |
_aix, 132p _ccm. |
||
| 500 | _aAppendix 126-130p; Bibliography 131-132p; ^n23/CSL/CARPA/2002-03/452^d2002-11-11^mPurchase; ; 2002-03/468^b2002-11-22^c215^d2002-11-31^eRs.1,071.00^fUnilib Book Distributors; ; 2003-01-24^bSB^c2003-09-03^dS C Jindal | ||
| 650 |
_a Fourier transforms _9716920 |
||
| 650 |
_a Operational calculus _9716921 |
||
| 650 | _aMathematics | ||
| 942 |
_hB480bC, N5;P2 _cTEXL _2CC |
||
| 999 |
_c1211758 _d1211758 |
||